000 01510nam a22002057a 4500
999 _c60173
_d60173
003 Ge_BSU
005 20230614173802.0
008 230614s1983 ge ||||| |||| 00| 0 geo d
041 _ageo
080 _a902.2(479.222.11) ვ-18
245 _aვანი : არქეოლოგიური გათხრები :
_b[სტატიების კრებული]. [ტ.] 7 /
_cრედ. ოთ. ლორთქიფანიძე ; საქ. სსრ მეცნ. აკად., ივ. ჯავახიშვილის სახ. ისტორიის, არქეოლოგიისა და ეთნოგრაფიის ინ-ტი.
264 _aთბილისი :
_bმეცნიერება,
_c1983.
300 _a158 გვ. :
_b 62 გვ. ილ.
_c29 სმ.
504 _aბიბლიოგრაფია ტექსტის შენიშვნებში.
520 _aრეზ. რუს. ენაზე.
653 _aვანის არქეოლოგიური გათხრები.
700 _aლორთქიფანიძე, ოთ.
_eრედაქტორი.
_918351
710 _aსაქართველოს სსრ მეცნიერებათა აკადემია.
_bივ. ჯავახიშვილის სახ. ისტორიის, არქეოლოგიისა და ეთნოგრაფიის ინსტიტუტი.
_918718
942 _2udc
_cBK